Faktory vzniku vybraných finančných kríz v 20. storočí bakalárska práca

Salvato in:
Dettagli Bibliografici
Autore principale: Szabo, Róbert
Ente Autore: Národohospodárska fakulta EU. Katedra financií
Altri autori: Puchoň, Jozef
Natura: Libro
Lingua:slovacco
Pubblicazione: Bratislava 2011
Tags: Aggiungi Tag
Nessun Tag, puoi essere il primo ad aggiungerne!!

MARC

LEADER 00000nbm a2200000 4500
001 0139656
005 20161109111637.0
041 0 |a slo 
044 |a SK 
245 1 0 |a Faktory vzniku vybraných finančných kríz v 20. storočí  |b bakalárska práca  |c Róbert Szabo ; školiteľ: Jozef Puchoň 
264 1 |a Bratislava  |c 2011 
300 |a 56 s. 
100 1 |a Szabo, Róbert 
700 1 |a Puchoň, Jozef 
710 2 |a Národohospodárska fakulta EU. Katedra financií